Principles of electrodynamics / (Record no. 17092)

MARC details
000 -LEADER
fixed length control field 01105pam a2200289 i 4500
001 - CONTROL NUMBER
control field 2894817
003 - CONTROL NUMBER IDENTIFIER
control field EG-ScBUE
005 - DATE AND TIME OF LATEST TRANSACTION
control field 20250622083129.0
008 - FIXED-LENGTH DATA ELEMENTS--GENERAL INFORMATION
fixed length control field 870513s1987 nyua f 001 0 eng
020 ## - INTERNATIONAL STANDARD BOOK NUMBER
International Standard Book Number 0486654931
020 ## - INTERNATIONAL STANDARD BOOK NUMBER
International Standard Book Number 9780486654935
040 ## - CATALOGING SOURCE
Original cataloging agency EG-ScBUE
Language of cataloging eng
Description conventions rda
Transcribing agency EG-ScBUE
Modifying agency EG-ScBUE
082 04 - DEWEY DECIMAL CLASSIFICATION NUMBER
Classification number 537.6
Edition number 22
Item number SCH
100 1# - MAIN ENTRY--PERSONAL NAME
Personal name Schwartz, Melvin,
Dates associated with a name 1932-2006,
Relator term author.
9 (RLIN) 31395
245 10 - TITLE STATEMENT
Title Principles of electrodynamics /
Statement of responsibility, etc Melvin Schwartz, consulting professor of physics, Stanford University.
264 #1 - PUBLICATION, DISTRIBUTION, ETC. (IMPRINT)
Place of publication, distribution, etc New York :
Name of publisher, distributor, etc Dover Publications, Inc.,
Date of publication, distribution, etc 1987.
300 ## - PHYSICAL DESCRIPTION
Extent viii, 344 pages :
Other physical details illustrations ;
Dimensions 22 cm
336 ## - CONTENT TYPE
Source rdacontent
Content type term text
Content type code txt
337 ## - MEDIA TYPE
Media type term unmediated
Source rdamedia
Media type code n
338 ## - CARRIER TYPE
Carrier type term volume
Carrier type code nc
Source rdacarrier
500 ## - GENERAL NOTE
General note "... unabridged, corrected republication of the work first published by the McGraw-Hill Book Company, New York, 1972, in its International series in pure and applied physics"--T.p. verso.
500 ## - GENERAL NOTE
General note Includes index.
650 #7 - SUBJECT ADDED ENTRY--TOPICAL TERM
Topical term or geographic name as entry element Electrodynamics.
Source of heading or term BUEsh
9 (RLIN) 9061
653 ## - INDEX TERM--UNCONTROLLED
Arrived date list November2012
655 ## - INDEX TERM--GENRE/FORM
Form subdivision Reading book
942 ## - ADDED ENTRY ELEMENTS (KOHA)
Source of classification or shelving scheme Dewey Decimal Classification
Koha item type Book - Borrowing
Holdings
Withdrawn status Lost status Source of classification or shelving scheme Damaged status Not for loan Collection code Home library Current library Shelving location Date acquired Source of acquisition Cost, normal purchase price Serial Enumeration / chronology Total Checkouts Full call number Barcode Date last seen Date checked out Price effective from Koha item type
    Dewey Decimal Classification     Baccah Central Library Central Library First floor 22/11/2012   140.00 16429 1 537.6 SCH 000027818 15/07/2025 22/11/2012 22/11/2012 Book - Borrowing